Оценка загрязнения атмосферного воздуха химическими элементами в зоне действия ТЭЦ; Энергетика: эффективность, надёжность, безопасность

Dettagli Bibliografici
Parent link:Энергетика: эффективность, надёжность, безопасность.— 2011.— [С. 328-330]
Altri autori: Рыжакова Н. К. Надежда Кирилловна, Рогова Н. С. Наталья Сергеевна, Родионова Е. П., Борисенко А. Л., Меркулов В. Г. Виктор Георгиевич
Riassunto:Заглавие с титульного листа
Электронная версия печатной публикации
Lingua:russo
Pubblicazione: 2011
Soggetti:
Accesso online:http://www.lib.tpu.ru/fulltext/v/Conferences/2011/K06/116123.pdf
Natura: Elettronico Capitolo di libro
KOHA link:https://koha.lib.tpu.ru/cgi-bin/koha/opac-detail.pl?biblionumber=224211

MARC

LEADER 00000nla2a2200000 4500
001 224211
005 20240205142222.0
035 |a (RuTPU)RU\TPU\book\244503 
035 |a RU\TPU\book\244500 
090 |a 224211 
100 |a 20121022d2011 k y0rusy50 ca 
101 0 |a rus 
102 |a RU 
105 |a y z 101zy 
135 |a drnn ---uucaa 
181 0 |a i  
182 0 |a b 
200 1 |a Оценка загрязнения атмосферного воздуха химическими элементами в зоне действия ТЭЦ  |f Н. К. Рыжакова [и др.] 
203 |a Текст  |c электронный 
215 |a 1 файл (448 Кб) 
300 |a Заглавие с титульного листа 
300 |a Электронная версия печатной публикации 
337 |a Adobe Reader 
463 1 |0 (RuTPU)RU\TPU\book\241205  |t Энергетика: эффективность, надёжность, безопасность  |o материалы XVII Всероссийской научно-технической конференции, Томск, 7-9 декабря 2011 г.  |f Национальный исследовательский Томский политехнический университет (ТПУ)  |v [С. 328-330]  |d 2011 
610 1 |a атмосферный воздух 
610 1 |a загрязнение 
610 1 |a химические элементы 
610 1 |a оценка 
610 1 |a источники загрязнения 
610 1 |a электронный ресурс 
610 1 |a труды учёных ТПУ 
701 1 |a Рыжакова  |b Н. К.  |c физик  |c доцент Томского политехнического университета, кандидат физико-математических наук  |f 1947-  |g Надежда Кирилловна  |3 (RuTPU)RU\TPU\pers\28003  |9 12992 
701 1 |a Рогова  |b Н. С.  |c физик  |c доцент Томского политехнического университета, кандидат технических наук  |f 1986-  |g Наталья Сергеевна  |3 (RuTPU)RU\TPU\pers\30609  |9 14890 
701 1 |a Родионова  |b Е. П. 
701 1 |a Борисенко  |b А. Л. 
701 1 |a Меркулов  |b В. Г.  |c российский физик  |c старший научный сотрудник Томского политехнического университета  |f 1947-  |g Виктор Георгиевич  |3 (RuTPU)RU\TPU\pers\28750 
801 1 |a RU  |b 63413507  |c 20120926 
801 2 |a RU  |b 63413507  |c 20151118  |g RCR 
856 4 |u http://www.lib.tpu.ru/fulltext/v/Conferences/2011/K06/116123.pdf 
942 |c CF